[Event "Lonigo CIS 54th Serie B Girone 6"]
[Site "Lonigo"]
[Date "2023.05.20"]
[Round "3.3"]
[White "Buqa, Brajan"]
[Black "Grassi, Sebastiano"]
[Result "0-1"]
[WhiteElo "1710"]
[BlackElo "1711"]
[PlyCount "82"]
[EventDate "2023.05.19"]
[EventType "team-tourn"]
[EventRounds "5"]
[EventCountry "ITA"]
[SourceTitle "EXT 2024"]
[Source "ChessBase"]
[SourceDate "2023.10.10"]
[SourceVersion "1"]
[SourceVersionDate "2023.10.10"]
[SourceQuality "1"]
[WhiteTeam "Padova Patavius Knights"]
[BlackTeam "Montebelluna Vergani II"]
[WhiteTeamCountry "ITA"]
[BlackTeamCountry "ITA"]

1. c4 c5 2. Nc3 Nc6 3. Nf3 Nf6 4. d4 cxd4 5. Nxd4 e5 6. Ndb5 d6 7. e4 a6 8. Na3 Be6 9. Be2 Be7 10. Be3 0-0 11. 0-0 Rc8 12. Rc1 Nd7 13. Nd5 f5 14. exf5 Bxf5 15. f4 Be6 16. Qd2 Kh8 17. Rcd1 Bxd5 18. cxd5 Nd4 19. Bxd4 exd4 20. Qxd4 Bf6 21. Qb4 Qb6+ 22. Qxb6 Nxb6 23. b3 Rc5 24. Bf3 Ra5 25. Nc4 Nxc4 26. bxc4 Rxa2 27. Rfe1 Rc2 28. Re4 Rc8 29. Rb1 Rb8 30. Rb6 a5 31. Rxd6 a4 32. Rde6 Rg8 33. Re2 Rxc4 34. R2e4 Bd4+ 35. Kf1 a3 36. Re2 Bb2 37. Re8 a2 38. Re1 Rc1 39. Rxg8+ Kxg8 40. Bd1 a1Q 41. d6 Rxd1 0-1